Départements de plus de 1 million d'habitants - Mort subite - Statistiques

Statistiques générales
  • Ce quiz a été pris 175 fois
  • Le résultat moyen est 10 sur 21
Answers on the Grid
Answers color-coded by a green-red scale on the quiz's grid according to % correct below.
Paris
Bouches-du-Rhône
Rhône
Seine-Saint-Denis
Gironde
Hauts-de-Seine
Pas-de-Calais
Loire-Atlantique
Yvelines
Seine-et-Marne
Haute-Garonne
Val-de-Marne
Essonne
Isère
Val-d'Oise
Seine-Maritime
Hérault
Bas-Rhin
Alpes-Maritimes
Ille-et-Vilaine
Finistère
La Réunion
Loiret
Creuse
Vendée
Haute-Savoie
Oise
Maine-et-Loire
Landes
Vienne
Eure-et-Loire
Moselle
Loire
Haute-Marne
Corse-du-Sud
 
Statistiques - réponses
Réponse % Correct
Paris
73%
Seine-Saint-Denis
70%
Bouches-du-Rhône
66%
Rhône
66%
Hauts-de-Seine
59%
Gironde
55%
Alpes-Maritimes
53%
Pas-de-Calais
53%
Yvelines
53%
Loire-Atlantique
52%
Seine-et-Marne
51%
Val-de-Marne
48%
Essonne
47%
Seine-Maritime
45%
Val-d'Oise
44%
Haute-Garonne
41%
Bas-Rhin
39%
Hérault
38%
Ille-et-Vilaine
28%
Moselle
19%
Isère
18%
Aucun quiz correspondant
Distribution des résultats
% des personnes avec chaque résultat
Percentile par nombre de réponses
Votre historique - résultats
Vous n’avez pas pris ce quiz